| 000 | 00451cam7a220018100 4500 | ||
|---|---|---|---|
| 001 | tmp15944396 | ||
| 003 | UPRA | ||
| 005 | 20190822110222.0 | ||
| 008 | 951114s1983 vau eng u | ||
| 035 | _a(Sirsi) r50783 | ||
| 035 | _a(UPRA)tmp15944396 | ||
| 040 | _cUPRA | ||
| 100 | 1 |
_aOsburn, Donald D. _6A8633.1 |
|
| 245 | 1 | 0 | _aModern agricultural management. |
| 260 |
_aReston, _c1983. |
||
| 949 |
_i-64300 _mMAIN _tBOOK _lON-SHELF |
||
| 004 | 50783 | ||
| 999 |
_c131901 _d131901 |
||